| 000 | 01141nas a2200337 a 4500 | ||
|---|---|---|---|
| 003 | AR-RoUNA | ||
| 022 | _a0011-9571 | ||
| 022 | _a1578-5769 | ||
| 040 |
_aAR-RoUNA _bspa |
||
| 041 | _aspa | ||
| 044 | _aag | ||
| 245 |
_aDetail _b: Revista de Arquitectura y Detalles Constructivos |
||
| 260 |
_aBilbao, España _bReed Business information _c2004 |
||
| 300 |
_a[s/n] _bfot. col. _bplanos _c30x21cm |
||
| 505 | 0 | _tAño 2001 Nº 1 NOV-DIC (ISSN 1578-5769) | |
| 505 | 0 | _tAño 2002 Nº 4 DIC-ENE (ISSN 0011-9571) | |
| 505 | 0 | _tAño 2003 Nº 1 MAR-ABR (ISSN 0011-9571) | |
| 505 | 0 | _tAño 2003 Nº 3 SEP-OCT (ISSN 1578-5769) | |
| 505 | 0 | _tAño 2003 Nº 4 DIC-ENE (ISSN 1578-5769) | |
| 505 | 0 | _tAño 2004 Nº 1 ENE-FEB (ISSN 1578-5769) | |
| 505 | 0 | _tAño 2004 Nº 3 JUN-JUL (ISSN 1578-5769) | |
| 650 |
_aArquitectura _923541 |
||
| 650 |
_aConstrucción _923542 |
||
| 650 |
_aSistemas construcctivos _923544 |
||
| 856 | _uhttps://www.detail-online.com/ | ||
| 866 | _a(2001: Nº1); (2002: Nº4); (2003: Nº 1,3-4); (2004: Nº 1, 3) | ||
| 908 | _aImp | ||
| 942 |
_2udc _cART |
||
| 945 | _d2022-12-12 | ||
| 980 |
_83 _gGermán Grimolizzi |
||
| 999 |
_c9533 _d9533 |
||